000 00414cam a2200157ua 4500
041 _aeng
_h
082 _a516.15
_bPIE/ME
100 _aPierpoint, A E .
245 _aMensuration for Indian schools and colleges, Part 1 /
_cA E Pierpoint.
_hTextual Documents
250 _a5 /
_b.
260 _aMumbai :
_bOrient-Longman Ltd ,
_c1962.
300 _a168 ; .
504 _a
942 _cBK
999 _c10221
_d10221